书目信息 |
| 题名: |
C#从入门到精通
|
|
| 作者: | 王小科 , 徐薇 编著 | |
| 分册: | ||
| 出版信息: | 北京 清华大学出版社 2010.07 |
|
| 页数: | 569页 | |
| 开本: | 26cm | |
| 丛书名: | 软件开发视频大讲堂 | |
| 单 册: | ||
| 中图分类: | TP312C | |
| 科图分类: | ||
| 主题词: | C语言--程序设计 | |
| 电子资源: | ||
| ISBN: | 978-7-302-22662-8 | |
| 000 | 01568nam 2200289 450 | |
| 001 | 1056441020 | |
| 005 | 20101122091754.62 | |
| 010 | @a978-7-302-22662-8@dCNY69.80 (含光盘) | |
| 010 | @a978-7-89444-007-5@b光盘 | |
| 100 | @a20101129d2010 km y0chiy0120 ea | |
| 101 | 0 | @achi |
| 102 | @aCN@b110000 | |
| 105 | @aa z 000yy | |
| 200 | 1 | @aC#从入门到精通@AC#cong ru men dao jing tong@f王小科, 徐薇编著 |
| 205 | @a第2版 | |
| 210 | @a北京@c清华大学出版社@d2010.07 | |
| 215 | @a569页@c图@d26cm@e光盘1片 | |
| 225 | 2 | @a软件开发视频大讲堂 |
| 330 | @a本书从初学者角度出发,通过通俗易懂的语言、丰富多彩的实例,详细介绍了使用C#进行WinForm应用程序开发应该掌握的各方面技术。全书共分28章,包括初识C#及其开发环境,开始C#之旅,变量与常量,表达式与运算符,字符与字符串,流程控制语句,数组和集合,属性和方法,结构和类,面向对象技术高级应用,异常处理,Windows窗体,Windows应用程序常用控件,Windows应用程序高级控件,数据访问技术,DataGridView数据控件,程序调试,迭代器和分部类,泛型的使用,文件及数据流技术,帮助文件的使用,GDI+图形图像技术,水晶报表与打印,网络编程技术,注册表技术,线程的使用,Windows应用程序打包,企业人事管理系统等。所有知识都结合具体实例进行介绍,涉及的程序代码给出了详细的注释,可以使读者轻松领会C#应用程序开发的精髓,快速提高开发技能。 | |
| 333 | @a本书非常适合作为编程初学者的学习用书,也适合作为开发人员的查阅、参考资料 | |
| 410 | 0 | @12001 @a软件开发视频大讲堂 |
| 606 | 0 | @aC语言@x程序设计 |
| 690 | @aTP312C@v4 | |
| 701 | 0 | @a王小科@Awang xiao ke@4编著 |
| 701 | 0 | @a徐薇@Axu wei@4编著 |
| 801 | 0 | @aCN@c20101129 |
| 905 | @dTP312C@eW3801-3=2 | |
| C#从入门到精通/王小科, 徐薇编著.-第2版.-北京:清华大学出版社,2010.07 |
| 569页:图;26cm+光盘1片.-(软件开发视频大讲堂) |
| 使用对象:本书非常适合作为编程初学者的学习用书,也适合作为开发人员的查阅、参考资料 |
| ISBN 978-7-302-22662-8:CNY69.80 (含光盘) |
| 本书从初学者角度出发,通过通俗易懂的语言、丰富多彩的实例,详细介绍了使用C#进行WinForm应用程序开发应该掌握的各方面技术。全书共分28章,包括初识C#及其开发环境,开始C#之旅,变量与常量,表达式与运算符,字符与字符串,流程控制语句,数组和集合,属性和方法,结构和类,面向对象技术高级应用,异常处理,Windows窗体,Windows应用程序常用控件,Windows应用程序高级控件,数据访问技术,DataGridView数据控件,程序调试,迭代器和分部类,泛型的使用,文件及数据流技术,帮助文件的使用,GDI+图形图像技术,水晶报表与打印,网络编程技术,注册表技术,线程的使用,Windows应用程序打包,企业人事管理系统等。所有知识都结合具体实例进行介绍,涉及的程序代码给出了详细的注释,可以使读者轻松领会C#应用程序开发的精髓,快速提高开发技能。 |
| ● |
| 相关链接 |
|
|
|
正题名:C#从入门到精通
索取号:TP312C/W3801-3=2
 
预约/预借
| 序号 | 登录号 | 条形码 | 馆藏地/架位号 | 状态 | 备注 |
| 1 | 1034441 | 210344411 | 自科库301/301自科库 48排5列5层/ [索取号:TP312C/W3801-3=2] | 在馆 | |
| 2 | 1034442 | 210344420 | 自科库301/301自科库 54排6列5层/ [索取号:TP312C/W3801-3=2] | 在馆 | |
| 3 | 1034443 | 210344439 | 自科库301/301自科库 54排6列5层/ [索取号:TP312C/W3801-3=2] | 在馆 |